00410nam a2200193Ia 4500003000900000008004100009040001300050040001300063041000800076100002200084245003000106250001200136260001200148260000900160300001100169300001000180490001800190490000800208IT-RoPAU120407s9999 xx 000 0 und d aIT-RoPAU cIT-RoPAU aita aHans Walter Wolff aStudi sul libro di Giona. aBrescia aPaideia c1982 a168 p. c21 cm aStudi biblici v159